Catálogo
 En Linea

Italianos en la República Dominicana: (Registro nro. 53056)

Detalles MARC
000 -CABECERA
campo de control de longitud fija 01082nam a2200265 a 4500
003 - IDENTIFICADOR DEL NÚMERO DE CONTROL
campo de control DO-SdBNP
005 - FECHA Y HORA DE LA ÚLTIMA TRANSACCIÓN
campo de control 20221205100435.0
007 - CAMPO FIJO DE DESCRIPCIÓN FÍSICA--INFORMACIÓN GENERAL
campo de control de longitud fija ta
008 - DATOS DE LONGITUD FIJA--INFORMACIÓN GENERAL
campo de control de longitud fija 221202e200? dr a|||gr6||| 00| u spa d
040 ## - FUENTE DE LA CATALOGACIÓN
Centro catalogador/agencia de origen DO-SdBNP
Lengua de catalogación spa
Centro/agencia transcriptor BNPHU
082 #4 - NÚMERO DE LA CLASIFICACIÓN DECIMAL DEWEY
Número de edición 22
Número de documento/Ítem I88e
245 00 - MENCIÓN DE TÍTULO
Título Italianos en la República Dominicana:
Resto del título historia y aventuras de viejos amigos. /
Mención de responsabilidad, etc. Compilador, Andrea Genepari, Dibujos, Bruno Olivieri
264 ## - PRODUCCIÓN, PUBLICACIÓN, DISTRIBUCIÓN, FABRICACIÓN Y COPYRIGHT
Producción, publicación, distribución, fabricación y copyright [Santo Domingo] :
Nombre del de productor, editor, distribuidor, fabricante ALLEMANDI,
Fecha de producción, publicación, distribución, fabricación o copyright [200]
300 ## - DESCRIPCIÓN FÍSICA
Extensión 32 p. :
Tipo de unidad il. ;
Material acompañante/anejo 33 cm.
500 ## - NOTA GENERAL
Nota general Incluye datos biográficos del compilador en las solapas de las cubiertas.
500 ## - NOTA GENERAL
Nota general Obsequio de Embajada de Italia Santo Domingo.
500 ## - NOTA GENERAL
Nota general 200 Natalicio Juan Bautista Cambiaso. Héroe Nacional, Fundador de la Armada Dominicana. Cónsul Italiano.
590 ## - NOTA LOCAL (RLIN)
Nota local Inventariado 2022 / MF
650 #4 - PUNTO DE ACCESO ADICIONAL DE MATERIA--TÉRMINO DE MATERIA
Término de materia o nombre geográfico como elemento de entrada Italianos en República Dominicana
Subdivisión general Historia
9 (RLIN) 82970
651 ## - PUNTO DE ACCESO ADICIONAL DE MATERIA--NOMBRE GEOGRÁFICO
Nombre geográfico República Dominicana
Subdivisión general Civilización
-- Influencia italiana
9 (RLIN) 82947
700 1# - PUNTO DE ACCESO ADICIONAL--NOMBRE DE PERSONA
Nombre de persona Geneapri, Andrea,
Término indicativo de función/relación comp.
9 (RLIN) 82971
700 1# - PUNTO DE ACCESO ADICIONAL--NOMBRE DE PERSONA
Nombre de persona Oliveri, Bruno
Término indicativo de función/relación il.
9 (RLIN) 82972
910 ## - DATOS DE OPCIÓN DEL USUARIO (OCLC)
Datos de opción del usuario MFeliz
942 ## - ELEMENTOS DE PUNTO DE ACCESO ADICIONAL (KOHA)
Fuente del sistema de clasificación o colocación Dewey Decimal Classification
Tipo de ítem Koha Folleto
Existencias
Estado de retiro Estado de pérdida Fuente del sistema de clasificación o colocación Restricciones de uso No para préstamo Código de colección Localización permanente Ubicación/localización actual Ubicación en estantería Fecha de adquisición Fuente de adquisición Total de préstamos Signatura topográfica completa Código de barras Fecha visto por última vez Precio válido a partir de Tipo de ítem Koha Número de copia
    Dewey Decimal Classification Excluido de préstamo   Patrimonio Dominicano Biblioteca Nacional Pedro Henríquez Ureña Biblioteca Nacional Pedro Henríquez Ureña En catalogación 24.06.2021 Depósito legal / Embajada de Italia   I88e 2022-5865 05.12.2022 05.12.2022 Folleto  
    Dewey Decimal Classification Excluido de préstamo   Patrimonio Dominicano Biblioteca Nacional Pedro Henríquez Ureña Biblioteca Nacional Pedro Henríquez Ureña En catalogación 24.06.2021 Depósito legal / Embajada de Italia   I88e 2022-5866 05.12.2022 05.12.2022 Folleto e.2
    Dewey Decimal Classification Préstamo en sala   Dominicana de Servicio Biblioteca Nacional Pedro Henríquez Ureña Biblioteca Nacional Pedro Henríquez Ureña En catalogación 24.06.2021 Depósito legal / Embajada de Italia   I88e 2022-5867 05.12.2022 05.12.2022 Folleto e.2

Con tecnología Koha